Loading...
| Science - Physics | 0 | 3 | 1 | 0 | 25 | 37 | 51.67 | 0 | 3 | 15.43 | 20.00 |
| Science - Other | 0 | 2 | 0 | 0 | 20 | 56 | 85.00 | 0 | 1 | 6.37 | 10.00 |
| Literature - European | 0 | 1 | 0 | 0 | 10 | 76 | 76.00 | 1 | 1 | 3.67 | 10.00 |
| Science - Biology | 0 | 1 | 0 | 0 | 10 | 87 | 87.00 | 0 | 1 | 2.09 | 5.00 |
| Social Science | 0 | 1 | 0 | 0 | 10 | 28 | 28.00 | 0 | 1 | 10.16 | 10.71 |
| Literature - British | 0 | 1 | 0 | 0 | 10 | 27 | 27.00 | 1 | 1 | 7.77 | 10.00 |
| Fine Arts - Painting and Sculpture | 0 | 1 | 0 | 1 | 10 | 98 | 98.00 | 0 | 1 | 0.00 | 2.50 |
| Science - Chemistry | 0 | 1 | 1 | 0 | 5 | 60 | 60.00 | 1 | 1 | 4.34 | 10.00 |
| Mythology | 0 | 0 | 1 | 0 | -5 | 0.00 | 0 | 0 | 0.00 | 0.00 |